O conde de monte Cristo (Record no. 183971)

MARC details
000 -LÍDER
campo de controle de tamanho fixo 00382 a2200169 4500
001 - NÚMERO DE CONTROLE
campo de controle 183971
020 ## - ISBN - INTERNATIONAL STANDARD BOOK NUMBER
ISBN - International Standard Book Number 978-85-262-413-7
040 ## - FONTE DA CATALOGAÇÃO
Instituição que transcreveu o registro Magnum
100 ## - ENTRADA PRINCIPAL--NOME PESSOAL
Nome pessoal Dumas, Alexandre
240 10 - TÍTULO UNIFORME
Título uniforme O conde de monte Cristo
Idioma da obra por
245 10 - TÍTULO
Título O conde de monte Cristo
300 ## - DESCRIÇÃO FÍSICA
Extensão 127
362 0# - DATAS DE PUBLICAÇÃO E/OU DESIGNAÇÃO SEQUENCIAL
Datas de publicação e/ou designação sequencial 2008
440 #1 - DECLARAÇÃO DE SÉRIE/ENTRADA ADICIONADA--TÍTULO
Título Scipione
697 ## - ENTRADA DE ASSUNTO LOCAL--ENTIDADE COLETIVA (RLIN)
Nome corporativo ou nome da jurisdição LITERATURA JUVENIL ESTRANGEIRA
942 ## - ELEMENTOS DE ENTRADA ADICIONADOS (KOHA)
Tipo de material Koha Livros
Holdings
Situação do descarte Situação das perdas Situação física Não pode ser emprestado Biblioteca de origem Biblioteca atual Data de aquisição Total de empréstimos Número de chamada completo Código de barras Data de último acesso Data do preço efetivo Tipo de material Koha
        Magnum Magnum 08/06/2024   890.3.14 MAG00041004 08/06/2024 08/06/2024 Livros
        Magnum Magnum 08/06/2024   890.3.14 MAG00041005 08/06/2024 08/06/2024 Livros
        Magnum Magnum 08/06/2024   890.3.14 MAG00041006 08/06/2024 08/06/2024 Livros
        Magnum Magnum 08/06/2024   890.3.14 MAG00041007 08/06/2024 08/06/2024 Livros
        Magnum Magnum 08/06/2024   890.3.14 MAG00041008 08/06/2024 08/06/2024 Livros
        Magnum Magnum 08/06/2024   890.3.14 MAG00041009 08/06/2024 08/06/2024 Livros
        Magnum Magnum 08/06/2024   890.3.14 MAG00041010 08/06/2024 08/06/2024 Livros
        Magnum Magnum 08/06/2024   890.3.14 MAG00041011 08/06/2024 08/06/2024 Livros
        Magnum Magnum 08/06/2024   890.3.14 MAG00041012 08/06/2024 08/06/2024 Livros
        Magnum Magnum 08/06/2024   890.3.14 MAG00041013 08/06/2024 08/06/2024 Livros
        Magnum Magnum 08/06/2024   890.3.14 MAG00041014 08/06/2024 08/06/2024 Livros
        Magnum Magnum 08/06/2024   890.3.14 MAG00041015 08/06/2024 08/06/2024 Livros